Un titre presque parfait - Films d'animation Disney - Statistiques

Statistiques générales
  • Ce quiz a été pris 321 fois
  • Le résultat moyen est 12 sur 15
Statistiques - réponses
Titre approximatif Titre correct % Correct
Robin des Lois Robin des Bois
100%
Les Nouveaux Zéros Les Nouveaux Héros
97%
La Princesse et la Quenouille La Princesse et la Grenouille
92%
Le Film de la jungle Le Livre de la jungle
92%
La Bête et le Cafard La Belle et le Clochard
91%
Le Roi Léo Le Roi Lion
91%
La Reine des Belges La Reine des neiges
90%
Le Cossu d'Amsterdam Le Bossu de Notre-Dame
89%
Raya et le Dernier Wagon Raya et le Dernier Dragon
83%
Kuzco, l'empereur mécano Kuzco, l'empereur mégalo
80%
Volt, star malgré moi Volt, star malgré lui
75%
Fantasia 3000 Fantasia 2000
71%
Dumbo, l'éléphant voleur Dumbo, l'éléphant volant
69%
Quaistion Raiponce
67%
Bernard et Bianca au
pays des koalas
Bernard et Bianca au
pays des kangourous
59%
Aucun quiz correspondant
Distribution des résultats
% des personnes avec chaque résultat
Percentile par nombre de réponses
Votre historique - résultats
Vous n’avez pas pris ce quiz